Gil Evans Live 1986 - Unissued (Record n. 99325)

Dettagli MARC
000 -LEADER
fixed length control field 02300njm a2200397Ia 4500
001 - CONTROL NUMBER
control field C4474
003 - CONTROL NUMBER IDENTIFIER
control field IT-RoPAU
005 - DATE AND TIME OF LATEST TRANSACTION
control field 20220918181115.0
008 - FIXED-LENGTH DATA ELEMENTS--GENERAL INFORMATION
fixed length control field 131025s9999 xx 000 0 und d
040 ## - CATALOGING SOURCE
Original cataloging agency IT-RoPAU
040 ## - CATALOGING SOURCE
Transcribing agency IT-RoPAU
999 ## - SYSTEM CONTROL NUMBERS (KOHA)
Koha Dewey Subclass [OBSOLETE] n.d.
100 ## - MAIN ENTRY--PERSONAL NAME
Personal name AA.VV.
9 (RLIN) 794
100 ## - MAIN ENTRY--PERSONAL NAME
Relator term Autore musica
9 (RLIN) 29959
100 ## - MAIN ENTRY--PERSONAL NAME
Miscellaneous information Codice autore musica SPICS: 12000
9 (RLIN) 796
245 ## - TITLE STATEMENT
Title Gil Evans Live 1986 - Unissued
250 ## - EDITION STATEMENT
Edition statement 2a ed.
260 ## - PUBLICATION, DISTRIBUTION, ETC. (IMPRINT)
Place of publication, distribution, etc. MILANO
260 ## - PUBLICATION, DISTRIBUTION, ETC. (IMPRINT)
Name of publisher, distributor, etc. RUSCONI
Date of publication, distribution, etc. 1994 [1a Ed.:1986 - Ed. Lingua Orig.: 1986]
300 ## - PHYSICAL DESCRIPTION
Extent COMPACT DISC
300 ## - PHYSICAL DESCRIPTION
Dimensions 63 minuti (Testo: 0 pag.)
500 ## - GENERAL NOTE
General note Musica jazz. Compact fuori commercio allegato al n. 7 1994 della rivista "Musica jazz"
505 ## - FORMATTED CONTENTS NOTE
Formatted contents note Boogie Stop Shuffle [(Milano, 5 maggio 1986) (4:00)] - Subway [(Firenze, 7 maggio 1986) (17:00)] - Goodbye Pork Pie Hat (11:00) - Voodoo Chile [(Milano, 5 maggio 1986) (9:00)] - Here Come De Honey Man [(Lugano, 3 maggio 1986) (14:00)] - Eleven (Milano, 5 maggio 1986) (9:00)]
511 ## - PARTICIPANT OR PERFORMER NOTE
Participant or performer note Davis Shanton: tr, flic; Evans Miles: tr, flic; Ono Shunzo: tr, flic; Clark John: corno; Lewis George: trne; Johnson Howard: tuba, bar, cl, b; Evans Bill: sop, ten; Hunter Chris: sop, alto, fl; Evans Gil: p, p el; Levin Pete: sint; Bullock Hiram: chit; Egan Mark: b el; Gottlieb Danny: batt
650 ## - SUBJECT ADDED ENTRY--TOPICAL TERM
Topical term or geographic name as entry element JAZZ [COMPACT DISC]
Relator term Codice MATERIA SPICS: 9949
9 (RLIN) 11822
700 ## - ADDED ENTRY--PERSONAL NAME
Personal name Evans Gil
Miscellaneous information Codice interprete SPICS: 10220
Relator term Interprete
9 (RLIN) 29960
700 ## - ADDED ENTRY--PERSONAL NAME
Personal name Mingus Charles
Miscellaneous information Codice autore musica SPICS: 11381
Relator term Autore musica
Name of part/section of a work Boogie Stop Shuffle - Goodbye Pork Pie Hat
9 (RLIN) 29961
700 ## - ADDED ENTRY--PERSONAL NAME
Personal name Levin Pete
Miscellaneous information Codice autore musica SPICS: 41224
Relator term Autore musica
Name of part/section of a work Subway
9 (RLIN) 29962
700 ## - ADDED ENTRY--PERSONAL NAME
Personal name Hendrix Jimi
Miscellaneous information Codice autore musica SPICS: 5532
Relator term Autore musica
Name of part/section of a work Voodoo Chile
9 (RLIN) 29963
700 ## - ADDED ENTRY--PERSONAL NAME
Personal name Heyward Dubose
Miscellaneous information Codice autore musica SPICS: 24225
Relator term Autore musica
Name of part/section of a work Here Come De Honey Man
9 (RLIN) 29964
700 ## - ADDED ENTRY--PERSONAL NAME
Personal name Gershwin George
Miscellaneous information Codice autore SPICS: 10668
Relator term Autore
Name of part/section of a work Here Come De Honey Man
9 (RLIN) 29965
700 ## - ADDED ENTRY--PERSONAL NAME
Personal name Gershwin Ira
Miscellaneous information Codice autore testo/musica SPICS: 10501
Relator term Autore testo/musica
Name of part/section of a work Here Come De Honey Man
9 (RLIN) 29966
700 ## - ADDED ENTRY--PERSONAL NAME
Personal name Davis Miles
Miscellaneous information Codice autore musica SPICS: 10734
Relator term Autore musica
Name of part/section of a work Eleven
9 (RLIN) 29967
700 ## - ADDED ENTRY--PERSONAL NAME
Personal name Evans Gil
Miscellaneous information Codice autore SPICS: 10220
Relator term Autore
Name of part/section of a work Eleven
9 (RLIN) 29968
942 ## - ADDED ENTRY ELEMENTS (KOHA)
Koha item type CD AUDIO
Source of classification or shelving scheme Dewey Decimal Classification
Dati di copia
Withdrawn status Lost status Damaged status Not for loan Home library Current library Date acquired Total Checkouts Full call number Date last seen Price effective from Koha item type Public note
    Buone Condizioni Not For Loan SPICS-MEDIATECA SPICS-MEDIATECA 25/10/2013   C4474 25/10/2013 25/10/2013 CD AUDIO Progr. Ins.: 1230 / N.Vol.: 1 / Copie: 1 - Copia rara: n.d. / date import: 01.01.2014 - By Epidotti, Trombetti, Vaglietti
CREDITS: SOCIETA' SAN PAOLO Via A.Severo, 58 - ROMA (RM) & PERIODICI SAN PAOLO SRL Via Giotto, 36 MILANO & CISF Via Giotto, 36 MILANO & EDIZIONI SAN PAOLO SRL,  Piazza Soncino, 5 CINISELLO BALSAMO (MI) -- ITALY